Normal view
MARC view
Entry Corporate Name
001 - CONTROL NUMBER
- control field: 6251
003 - CONTROL NUMBER IDENTIFIER
- control field: OSt
005 - DATE AND TIME OF LATEST TRANSACTION
- control field: 20120109152259.0
008 - FIXED-LENGTH DATA ELEMENTS
- fixed length control field: 120109|||a|||||| | ||| d
040 ## - CATALOGING SOURCE
- Original cataloging agency: OSt
- Transcribing agency: OSt
110 ## - HEADING--CORPORATE NAME
- Corporate name or jurisdiction name as entry element: Makerere University.
- Subordinate unit: Human Rights and Peace Centre.
670 ## - SOURCE DATA FOUND
- Source citation: Work cat.: (OSt)4960: East African journal of peace & human rights.1998 Vol.5 No. 1, 1998-
